Applied complex analysis (Record no. 750931)

MARC details
000 -LEADER
fixed length control field 00374nam a22001457a 4500
020 ## - INTERNATIONAL STANDARD BOOK NUMBER
ISBN 9789395449250
100 ## - MAIN ENTRY--AUTHOR NAME
Personal name Rakesh kumar pandey
245 ## - TITLE STATEMENT
Title Applied complex analysis
260 ## - PUBLICATION, DISTRIBUTION, ETC. (IMPRINT)
Place of publication New Delhi
Name of publisher Pinakin publishing
Year of publication 2023
300 ## - PHYSICAL DESCRIPTION
Number of Pages x+279
650 ## - SUBJECT ADDED ENTRY--TOPICAL TERM
Topical Term Fourier series
650 ## - SUBJECT ADDED ENTRY--TOPICAL TERM
Topical Term Hyperbolic functions
942 ## - ADDED ENTRY ELEMENTS (KOHA)
Source of classification or shelving scheme Dewey Decimal Classification
Koha item type Book
Holdings
Withdrawn status Lost status Source of classification or shelving scheme Damaged status Not for loan Home Library Current Location Shelving location Date acquired Source of acquisition Cost, normal purchase price Full call number Accession Number Price effective from Koha item type
    Dewey Decimal Classification     Dept. of Mathematics Dept. of Mathematics General Stacks 07/07/2025 Chapter books, Thiruvananthapuram 2550.00 515.9 RAK-A MAT8130 07/07/2025 Book